| 000 | 00619nam a22001937a 4500 | ||
|---|---|---|---|
| 005 | 20250430113012.0 | ||
| 010 | _aENG-144733 | ||
| 020 |
_a9788197146992 _c495.00 |
||
| 035 | _aEN-128265 | ||
| 037 | _bDBAD | ||
| 082 | _a910 | ||
| 245 |
_aChronicle Geography: _b IAS Mains PYQ Solved papers 2008-2023 _cEdited by N.N. Ojha |
||
| 260 |
_aNoida _bChronicle Publication _c2024 |
||
| 270 |
_aA-27D, Sector 16 _bNoida _e201301 _k0120-2514610/12 _minfo@chronicleindia.in |
||
| 300 |
_a386 Pages. _c28cm(pbk) |
||
| 500 | _aUPSC & STATE PSCs | ||
| 700 |
_aOjha, N.N. _977953 |
||
| 942 |
_2ddc _cEN _h910 _mCHR |
||
| 999 |
_c209382 _d209382 |
||